000 01930cam a22003613a 4500
001 13511072
003 FISKH
005 20230224102829.0
008 040303s2003 nyu c 000 1 eng d
010 _a2004266452
020 _a0765345706
035 _a(OCoLC)ocm52452735
040 _aIOU
_cIOU
_dOCLCQ
_dDLC
_dFISKH
_beng
050 0 0 _aPZ7
_b.L96775
082 _a808.83
100 1 _aLubar, David.
245 1 0 _aIn the land of the lawn weenies and other misadventures /
_cDavid Lubar.
250 _a1st Starscape ed.
260 _aNew York :
_bStarscape,
_c2003.
300 _a240 p.
_c20 cm.
500 _a"A Tom Doherty Associates book."
505 0 0 _tFairy in a jar --
_tThe touch --
_tAt the wrist --
_tCrizzles --
_tLight as a feather, stiff as a board --
_tThe evil tree --
_tKidzilla --
_tEveryone's a winner --
_tA little off the top --
_tThe slide --
_tBig kids --
_tYour worst nightmare --
_tPhone ahead --
_tSand sharks --
_tOn the road --
_tThe language of beasts --
_tClass trip --
_tCollared --
_tThe substitute --
_tThe vampire's rat --
_tSlugs --
_tSnakeland --
_tBurger and fries --
_tGame over --
_tSmunkies --
_tPretty Polly --
_tJoin the party --
_tThe billion legger --
_tThe battle-ax --
_tIn the land of the lawn weenies --
_tSunburn --
_tThin silk --
_tThe witch's monkey --
_tAs you say --
_tHide --
_tWhere does all this stuff come from?
521 1 _a570
_bLexile
521 1 _aK
_bRaz-Plus
650 0 _aHorror tales, American
_vJuvenile fiction.
650 0 _aShort stories, American
_vJuvenile fiction.
650 1 _aHorror stories.
856 4 2 _3Contributor biographical information
_uhttp://www.loc.gov/catdir/enhancements/fy0667/2004266452-b.html
856 4 2 _3Publisher description
_uhttp://www.loc.gov/catdir/enhancements/fy0667/2004266452-d.html
856 4 1 _3Sample text
_uhttp://www.loc.gov/catdir/enhancements/fy1207/2004266452-s.html
906 _a7
_bcbc
_ccopycat
_d2
_encip
_f20
_gy-gencatlg
942 _2lcc
_cBK
_n0
999 _c6
_d6